00367nam a22001217a 450000500170000000800410001702000180005804000130007608200140008924501010010326000300020430000110023420170608084226.0170608b xxu||||| |||| 00| 0 eng d a9780415088046 cPK-LaUMT a306bSTU- aStuart Hall/bcritical dialogues in cultural studiescDavid Morley and Kaun-Hasing Chen(Editors) aLondon:bRoutledge,c1996 a522 p.